Online Catalogue and eLibrary

Peace and developmentHaksar memorial volume iv (Record no. 1397)

MARC details
000 -LEADER
fixed length control field 00239nam a2200097Ia 4500
008 - FIXED-LENGTH DATA ELEMENTS--GENERAL INFORMATION
fixed length control field 240331s9999 xx 000 0 und d
082 ## - DDC Classification
Item Number - Author Mark PEA
100 ## - MAIN ENTRY--PERSONAL NAME
Personal name Banerjee, S. ed
245 #0 - TITLE STATEMENT
Title Peace and developmentHaksar memorial volume iv
942 ## - Koha item type (Biblio)
Koha item type Books in Stacks (Lending)
Holdings
Lost status Damaged status Collection code Home library Current library Shelving location Date acquired Full call number Accession Number Item type
    Lending WERC Library WERC Library Social Science Cupboard 03/31/2024 341 PEA 110 Books in Stacks (Lending)

© WERC Library